| 000 | 00759nam a2200229Ia 4500 | ||
|---|---|---|---|
| 999 |
_c56471 _d56471 |
||
| 001 | 23584 | ||
| 003 | GE_BSU | ||
| 005 | 20221122153039.0 | ||
| 008 | 181216s2018||||en |||||||||||||| ||eng|| | ||
| 020 | _a9781138714687x | ||
| 040 | _cGE_BSU | ||
| 041 | _aeng | ||
| 080 | _a71+747 M-61 | ||
| 245 |
_aMetric Handbook : Planning and Design Data / _cEdited by : Pamela Buxton. |
||
| 250 | _a6th Edition | ||
| 264 |
_aLondon : _bRoutledge, _c2018. |
||
| 300 |
_a880 p.: _b ill : _c30 cm. |
||
| 653 | _aდაგეგმარება. Планировка | ||
| 653 | _aინტერიერის გაფორმება. Оформление интерьера. | ||
| 700 |
_aBuxton, Pamela _eრედაქტორი _94556 |
||
| 942 |
_cBK _2udc |
||